Κατάλογος Βιβλιοθηκών Mediterranean College

Health Psychology in Practice (Record no. 9688)

MARC details
000 -LEADER
fixed length control field 01585cam a22002054a 4500
005 - ΗΜΕΡΟΜΗΝΙΑ ΚΑΙ ΩΡΑ ΤΕΛΕΥΤΑΙΑΣ ΕΝΗΜΕΡΩΣΗΣ
Πεδίο ελέγχου 20250605164406.0
008 - FIXED-LENGTH DATA ELEMENTS--GENERAL INFORMATION
Πεδίο ελέγχου σταθερού μήκους 250528s ||||||||||||||||||||||||d
035 ## - SYSTEM CONTROL NUMBER
System control number 24851
020 ## - ISBN
ISBN 9781405110891
040 ## - ΠΗΓΗ ΚΑΤΑΛΟΓΟΓΡΑΦΗΣΗΣ
Φορέας πρωτότυπης καταλογογράφησης MC Athens Campus Library
Γλώσσα καταλογογράφησης Ελληνικά, Μοντέρνα (1453-)
Modifying agency MC Athens Campus Library
Κανόνες περιγραφικής καταλογογράφησης AACR2
245 1# - ΤΙΤΛΟΣ ΚΑΙ ΔΗΛΩΣΗ ΥΠΕΥΘΥΝΟΤΗΤΑΣ
Τίτλος Health Psychology in Practice
260 ## - PUBLICATION, DISTRIBUTION, ETC.
Name of publisher, distributor, etc. Bps Blackwell,
Date of publication, distribution, etc. 2004
300 ## - PHYSICAL DESCRIPTION
Extent 418
520 ## - SUMMARY, ETC.
Summary, etc. This book provides a comprehensive overview of the competences required for professional training in the UK (BPS Stage 2 Qualification in Health Psychology). Foreword, Acknowledgements, Health Psychology in Practice: Introduction, Health Psychology Training: The UK Model, International Commentaries, Using Theory in Research, Planning Research: Design and Sample and Measures, Analysing and Reporting Data in Health Research, Designing and Conducting Qualitative Studies, Planning and Conducting Systematic Reviews, Writing Grant Applications, Writing for Publication, Using Theory in Psychological Interventions, Consultancy: What Is It and How Do You Do it and Does it Make any Difference?, Health Psychology within Organizational Contents, Changing Behaviour to Improve Health, Studying and Changing Healthcare Professionals' Behaviour, Training and Teaching, Developing and Evaluating Training and Teaching, Supervising Effectively, Professional Roles and Practice, Health Psychology within Health Service Settings, A Framework for Professional Practice, Author and Subject Index.
700 1# - ΠΡΟΣΘΕΤΗ ΑΝΑΓΡΑΦΗ--ΦΥΣΙΚΟ ΠΡΟΣΩΠΟ
Personal name Abraham Charles
9 (RLIN) 9591
700 1# - ΠΡΟΣΘΕΤΗ ΑΝΑΓΡΑΦΗ--ΦΥΣΙΚΟ ΠΡΟΣΩΠΟ
Personal name Michie Suzan
9 (RLIN) 9592
942 ## - ADDED ENTRY ELEMENTS (KOHA)
Koha item type Books
Holdings
Τύπος τεκμηρίου Βιβλιοθήκη Τρέχουσα τοποθεσία Barcode Αριθμός εισαγωγής Ημερομηνία απόκτησης Ταξιθετικό σύμβολο Αριθμός αντιτύπου Κατάσταση απόσυρσης Κατάσταση χαμένου Κατάσταση κατεστραμμένου Μη δανεισμός Σύνολο δανεισμών Ημερομηνία τελευταίας εμφάνισης Η τιμή ισχύει από
Books MC Athens Campus Library MC Athens Campus Library 9780000096876 7788 05/06/2025 616.89/00941 MIC 1           05/06/2025 05/06/2025

MC Athens Campus Library
Πατησίων 94 & Κοδριγκτώνος 13, 104 34
Πελλήνης 8 & Πατησίων 107, 112 51
Τ: +30 210 8899600

MC Thessaloniki Campus Library
Ίωνος Δραγούμη 21, 54625 | Ίωνος Δραγούμη 15, 54625
Τ: +30 2310 287779 – Τ: +30 2314 440300